Comparison of chemical biocin-f and manure fertilizer on green mustard (Brassica juncea) at crop station in the royal university of agriculture; ការប្រៀបធៀបកម្រិតជីគីមី ជី Biocin-f និងជីលាមកមាន់លើដំណាំស្ពៃខៀវនៅស្ថានីយ៏ពិសោធន៏ដំណាំនៃសាកលវិទ្យាល័យភូមិន្ទកសិកម្ម (Record no. 8060)

000 -LEADER
fixed length control field 00885nam a22001577a 4500
003 - CONTROL NUMBER IDENTIFIER
control field OSt
005 - DATE AND TIME OF LATEST TRANSACTION
control field 20160614151354.0
008 - FIXED-LENGTH DATA ELEMENTS--GENERAL INFORMATION
fixed length control field 160614b xxu||||| |||| 00| 0 eng d
040 ## - CATALOGING SOURCE
Transcribing agency RUA
082 ## - DEWEY DECIMAL CLASSIFICATION NUMBER
Classification number AGR KRI 2013 B474 Or.1
100 ## - MAIN ENTRY--PERSONAL NAME
9 (RLIN) 8415
Personal name KRISNA DARAVITOU; គ្រឹះស្នា តារាវិទូ
245 ## - TITLE STATEMENT
Title Comparison of chemical biocin-f and manure fertilizer on green mustard (Brassica juncea) at crop station in the royal university of agriculture; ការប្រៀបធៀបកម្រិតជីគីមី ជី Biocin-f និងជីលាមកមាន់លើដំណាំស្ពៃខៀវនៅស្ថានីយ៏ពិសោធន៏ដំណាំនៃសាកលវិទ្យាល័យភូមិន្ទកសិកម្ម
260 ## - PUBLICATION, DISTRIBUTION, ETC. (IMPRINT)
Place of publication, distribution, etc. Phnom Penh
Name of publisher, distributor, etc. RUA
Date of publication, distribution, etc. 2013
300 ## - PHYSICAL DESCRIPTION
Extent xi;35p.
Other physical details ill.
Dimensions 29cm.
942 ## - ADDED ENTRY ELEMENTS (KOHA)
Source of classification or shelving scheme
Koha item type AGR
Holdings
Price effective from Date last seen Permanent Location Not for loan Date acquired Source of classification or shelving scheme Koha item type Lost status Withdrawn status Date last checked out Total Checkouts Shelving location Damaged status Barcode Current Location Full call number
2016-06-142017-02-14Library Block B 2016-06-14 AGR  2017-02-061B474 RUA057019Library Block BAGR KRI 2013 B474 Or.1
2016-06-142016-06-14Library Block B 2016-06-14 AGR    B474 RUA057012Library Block BAGR KRI 2013 B474 Or.2
2016-06-142016-06-14Library Block B 2016-06-14 AGR    B474 RUA057072Library Block BAGR KRI 2013 B474 Or.3
2016-06-142016-06-14Library Block B 2016-06-14 AGR    B474 RUA057395Library Block BAGR KRI 2013 B474 Or.4
2016-06-142017-08-21Library Block B 2016-06-14 AGR  2017-08-161B474 RUA057403Library Block BAGR KRI 2013 B474 Or.5
2016-06-142016-06-14Library Block B 2016-06-14 AGR    B474 RUA057577Library Block BAGR KRI 2013 B474 Or.6
2016-06-142016-10-10Library Block B 2016-06-14 AGR  2016-09-191B474 RUA057229Library Block BAGR KRI 2013 B474 Or.7
2016-06-142016-06-14Library Block B 2016-06-14 AGR    B474 RUA059238Library Block BAGR KRI 2013 B474 Or.8
2021-09-292021-09-29Library Block B 2021-09-29 AGR    B691 A09706Library Block BAGR KRI 2013 B691 Or.1
2021-12-072021-12-07Library Block B 2021-12-07 AGR    B283 A10145Library Block BAGR KRI 2013 B287 Or.1
មជ្ឈមណ្ឌលឯការនៃសាកលវិទ្យាល័យភូមិន្ទកសិកម្មចំការដូង

Powered by Koha